Представление документа в формате MARC21

Поле Инд. ПП Название Значение
Тип записи a
Библиографический уровень b
001 Контрольный номер acabcebc6a724115b82f32c3f5568d16
005 Дата корректировки 20251121165800.1
008 Кодируемые данные 20140826
040 b Код языка каталог. rus
e Правила каталог. PSBO
041 0_ a Код языка текста rus
084 a Индекс другой классификации/Индекс ББК 74.48
100 1_ a Автор Парочкина М. М.
q Полное имя Парочкина Мария Михайловна
100 1_ a Автор Жилейкина А. В.
q Полное имя Жилейкина Анна Викторовна
245 10 a Заглавие Работа с научно-учебным текстов на занятиях РКИ [русский язык как иностранный] как основа формирования коммуникативной компетенции учащихся технических вузов
500 a Примечание Электронная версия статьи: https://doi.org/10.30853/pedagogy.2018.4.8
504 a Библиография Лит. в конце статьи
650 14 a Основная рубрика образование; профессиональное образование; высшее образование
653 1_ a Ключевые слова высшее учебное заведение (вуз)
a Ключевые слова коммуникативные компетенции
a Ключевые слова коммуникативные навыки
a Ключевые слова коммуникативные умения
a Ключевые слова методика обучения
a Ключевые слова научно-учебный текст
a Ключевые слова работа с текстом
a Ключевые слова Россия
a Ключевые слова русский язык как иностранный
a Ключевые слова студенты
a Ключевые слова технические вузы
a Ключевые слова трудности обучения
a Ключевые слова университеты
773 08 t Заглавие источника Педагогика. Вопросы теории и практики
d Дата издания источника 2018
g Прочая информация № 4. - С. 34 - 39 : рис.
w Контрольный № источника DU/602701126
901 t Тип документа b